000 00483nam a2200193Ia 4500
008 240510s9999 xx 000 0 und d
020 _a0000387948341
041 _aEng
082 _a005.73
082 _bB21
100 _aBEIDLER J.
245 0 _aDATA STRUCTURES AND ALGORITHMS: AN OBJECT ORIENTED APPROACH USING ADA 95
260 _bNEW YORK : SPRINGER
260 _c1997
300 _a364 p.
650 _aDATA STRUCTURES : ALGORITHMS
942 _2ddc
942 _cRBK
999 _c25265
_d25265
945 _a1
_bMadushi Gamage
_c1
_dMadushi Gamage